| 000 | 01421nam a2200433 i 4500 | ||
|---|---|---|---|
| 001 | 5769 | ||
| 003 | KOSZ 005 | ||
| 005 | 20200429151017.0 | ||
| 008 | 070608s1972 pl a f 001 0 pol | ||
| 015 | _aPB 1972/8642 | ||
| 035 | _a(OCoLC)839124466 | ||
| 040 |
_aWA N _cWA N _dKOSZ 005/HR _dKOSZ 005/RW |
||
| 046 | _k1966 | ||
| 080 | _a628.8 | ||
| 080 | _a697 | ||
| 080 | _a621.56/.59 | ||
| 080 | _a621.1.01:536.7 | ||
| 080 | _a662.6/.9 | ||
| 100 | 1 |
_aKołodziejczyk, Leon _eAutor |
|
| 245 | 1 | 0 |
_aGospodarka cieplna w ogrzewnictwie / _cLeon Kołodziejczyk. |
| 250 | _aWydanie 2 poprawione i uzupełnione. | ||
| 260 |
_aWarszawa : _b"Arkady", _c1972. |
||
| 300 |
_a355, [3] stron, [4] karty tablic : _bilustracje ; _c25 cm. |
||
| 336 |
_aTekst _btxt _2rdacontent |
||
| 337 |
_aBez urządzenia pośredniczącego _bn _2rdamedia |
||
| 338 |
_aWolumin _bnc _2rdacarrier |
||
| 380 | _aKsiążki. | ||
| 388 | _a1901-2000 | ||
| 500 | _aMiędzynarodowy Rok Książki 1972. | ||
| 504 | _aBibliografia na stronach 351-[352]. Indeks. | ||
| 650 | 7 | _aTermodynamika techniczna | |
| 650 | 7 | _aGospodarka | |
| 650 | 7 | _aCiepło | |
| 650 | 7 | _aOgrzewanie centralne | |
| 658 | _aInżynieria i technika | ||
| 710 | 2 |
_aWydawnictwo Arkady _4pbl. |
|
| 856 |
_uhttp://koha.tu.koszalin.pl/cgi-bin/koha/opac-detail.pl?biblionumber=5769 _yKatalog online BPK |
||
| 942 |
_2UKD _cKS |
||
| 999 |
_c5769 _d5769 |
||